000 00611nam a2200133Ia 4500
008 100328s9999 xx 000 0 und d
082 _b8521
100 _aदारव्हेकर पुरुषोत्तम
245 _aकल्पनेचा खेळ (एकांकिकांचा संग्रह)
260 _bमहेश्वर मुद्रणालय
630 _aकल्पनेचा खेळ (एकांकिकांचा संग्रह)
730 _aकल्पनेचा खेळ (एकांकिकांचा संग्रह)
942 _cBOOK
999 _c504294
_d504291